000 00299nam a22001337a 4500
008 170414b xxu||||| |||| 00| 0 eng d
020 _a0495116696
041 _aeng
080 _211TH
_a612.39
100 _a10
101 _aSHM
245 _aUNDERSTANDING NUTRITION
_cWHITNEY, E
942 _2udc
_cBK
999 _c10763
_d10763